UBT Library

Centuries of childhood : (Record no. 43955)

000 -LEADER
fixed length control field 00836cam a2200253 a 4500
001 - CONTROL NUMBER
control field 3007945
005 - DATE AND TIME OF LATEST TRANSACTION
control field 20180302041116.0
008 - FIXED-LENGTH DATA ELEMENTS--GENERAL INFORMATION
fixed length control field 931015s1962 nyua b 000 0 eng
010 ## - LIBRARY OF CONGRESS CONTROL NUMBER
LC control number 93218907
020 ## - INTERNATIONAL STANDARD BOOK NUMBER
International Standard Book Number 0394702867 (pbk.)
040 ## - CATALOGING SOURCE
Original cataloging agency DLC
Transcribing agency DLC
Modifying agency DLC
041 1# - LANGUAGE CODE
Language code of text/sound track or separate title eng
043 ## - GEOGRAPHIC AREA CODE
Geographic area code e-fr---
080 ## - UNIVERSAL DECIMAL CLASSIFICATION NUMBER
Universal Decimal Classification number 306.8509
082 00 - DEWEY DECIMAL CLASSIFICATION NUMBER
Classification number 306.8509 ARI
Edition number 2
100 1# - Rafti
Rafti 50
101 ## - Shkurtesa
Shkurtesa SOC
240 10 - UNIFORM TITLE
Uniform title <a href="Enfant et la vie familiale sous l'Ancien Régime.">Enfant et la vie familiale sous l'Ancien Régime.</a>
Language of a work English
245 10 - TITLE STATEMENT
Title Centuries of childhood :
Statement of responsibility, etc Philippe Ariès ; translated from the French by Robert Baldick.
504 ## - BIBLIOGRAPHY, ETC. NOTE
Bibliography, etc Includes bibliographical references (p. 419-437) and index.
906 ## - LOCAL DATA ELEMENT F, LDF (RLIN)
a 7
b cbc
c orignew
d u
e ncip
f 19
g y-gencatlg
942 ## - ADDED ENTRY ELEMENTS (KOHA)
Source of classification or shelving scheme
Item type Books
Holdings
Withdrawn status Lost status Source of classification or shelving scheme Damaged status Not for loan Collection code Permanent location Current location Shelving location Date acquired Total Checkouts Full call number Barcode Date last seen Price effective from Koha item type
          Koleksioni i përgjithshem UBT - Lipjan UBT - Lipjan Koleksioni i përgjithshem 03/02/2018   306.8509 ARI 002-3000784 03/02/2018 03/02/2018 Books
UBT Library © 2015-2024. All rights reserved University Education for Business and Technology